United States Foursomes Quiz Stats

 Plays Quiz Updated Mar 27, 2018

Score 0/48 Timer 08:00
8 Plays Today
% Correct
Abraham Lincoln
98.1%
Abraham Lincoln
98.1%
George Washington
93.9%
John F. Kennedy
93.6%
NFL
92.3%
NBA
91.5%
NHL
89.4%
Eastern
88.4%
Thomas Jefferson
86.3%
MLB
85.9%
Central
85.1%
Pacific
84.9%
Theodore Roosevelt
84%
We
82.9%
Texas
82.8%
Mountain
81.7%
Christmas
80.4%
New York
77.5%
White House
77.2%
In
76.8%
God
75%
1996
74.9%
Trust
74.5%
Independence Day
72.1%
% Correct
Virginia
71.1%
California
70%
New Year's Day
66.2%
1984
65.8%
Oklahoma City
65.6%
Los Angeles
64.3%
Carson City
60%
William McKinley
57.6%
Hawaii
56.3%
Massachusetts
56.1%
U. S. Capitol
54.9%
Lincoln Memorial
54.8%
James Garfield
52.9%
Jefferson City
50.7%
Pennsylvania
48.9%
Veterans Day
47.5%
1932
44.7%
1904
42.3%
Kentucky
37.1%
Salt Lake City
36.2%
Vermont
34.1%
Houston
27%
U.S. Treasury Building
24.7%
Detroit
24.2%

You're not logged in!

Compare scores with friends on all Sporcle quizzes.
OR
Log In

You Might Also Like...

Show Comments

Extras

Top Quizzes Today


Score Distribution

Your Account Isn't Verified!

In order to create a playlist on Sporcle, you need to verify the email address you used during registration. Go to your Sporcle Settings to finish the process.

Report this User

Report this user for behavior that violates our Community Guidelines.

Details: